| 000 | 01360nam1a2200301 i 4500 | ||
|---|---|---|---|
| 001 | RU\NLR\bibl\810700 | ||
| 005 | 20241114193156.0 | ||
| 035 | _a(NLR Aleph) 000799769 | ||
| 090 |
_a1173828 _c1173828 |
||
| 100 | _a20050617g20049999u y0rusy50 ca | ||
| 101 | 0 | _arus | |
| 102 | _aRU | ||
| 105 | _a||||j ||||| | ||
| 200 | 1 |
_aОбластные особенности русского народного танца _eучебное пособие для студентов вузов, обучающихся по специальности 053000 "Народное художественное творчество" _fН.И. Заикин, Н.А. Заикина _gМ-во культуры Рос. Федерации, Орлов. гос. ин-т искусств и культуры |
|
| 210 |
_aОрел _cОГИИК _d2004 |
||
| 215 | _d21 | ||
| 463 | 0 | _1001803341 | |
| 606 |
_aТанец русский _91237280 _3RU\NLR\auth\66505140 |
||
| 606 |
_aТанцы русские _92255657 _3RU\NLR\auth\661352764 |
||
| 686 | _aЩ325(2Р=Рус) | ||
| 700 | 1 |
_aЗаикин _bН. И. _gНиколай Иванович _4070 |
|
| 701 | 1 |
_aЗаикина _bН. А. _gНадежда Александровна _4070 |
|
| 801 | 0 |
_aRU _bNLR _c20050617 _gPSBO |
|
| 801 | 1 |
_aRU _bNLR _c20050617 |
|
| 852 |
_aNLR _j2005-3/15130 |
||
| 942 | _cBOOK | ||